Signals and systems (Record no. 5569)
[ view plain ]
| 000 -LEADER | |
|---|---|
| fixed length control field | 00492nam a2200157Ia 4500 |
| 003 - CONTROL NUMBER IDENTIFIER | |
| control field | SGT |
| 020 ## - INTERNATIONAL STANDARD BOOK NUMBER | |
| International Standard Book Number | 9788177583809 |
| 082 ## - DEWEY DECIMAL CLASSIFICATION NUMBER | |
| Classification number | 621.3822 |
| Item number | GHO |
| 100 ## - MAIN ENTRY--PERSONAL NAME | |
| Personal name | Ghosh,Smarajit |
| 245 ## - TITLE STATEMENT | |
| Title | Signals and systems |
| 260 ## - PUBLICATION, DISTRIBUTION, ETC. (IMPRINT) | |
| Name of publisher, distributor, etc | Pearson |
| Place of publication, distribution, etc | N.Delhi |
| Year of Publication | 2006 |
| 300 ## - PAGE DESCRIPTION | |
| No. of Pages | 474p. |
| 650 ## - SUBJECT ADDED ENTRY--TOPICAL TERM | |
| Topical term or geographic name as entry element | ELECTRICAL ENGINEERING |
| 653 ## - KEYWORDS--INDEX TERM | |
| Keyword term | MATHEMATICAL PRELIMINARIES,FUNDAMENTALS OF SIGNALS AND SYSTEMS,FOURIER SERIES,FOURIER TRANSFORM,LAPLACE TRANSFORM,SYSTEM MODELLING,CONVOLUTION,STABILITY |
| 942 ## - ADDED ENTRY ELEMENTS (KOHA) | |
| Source of classification or shelving scheme | Dewey Decimal Classification |
| Koha item type | Books |
| 942 ## - ADDED ENTRY ELEMENTS (KOHA) | |
| -- | 4 |
| Withdrawn status | Lost status | Source of classification or shelving scheme | Damaged status | Not for loan | Home library | Current library | Date acquired | SGTU | Total Checkouts | Full call number | Accession No. (Barcode) | Date last seen | Date last borrowed | Bill Date | Koha item type | Use restrictions | Collection code | Shelving location |
|---|---|---|---|---|---|---|---|---|---|---|---|---|---|---|---|---|---|---|
| Dewey Decimal Classification | SGT Engineering Library | SGT Engineering Library | 31/05/2013 | SGTU | 1 | 621.3822 GHO | FE5928 | 12/10/2021 | 21/09/2021 | 09/02/2015 | Books | |||||||
| Dewey Decimal Classification | SGT Engineering Library | SGT Engineering Library | 31/05/2013 | SGTU | 1 | 621.3822 GHO | FE5929 | 12/10/2021 | 21/09/2021 | 09/02/2015 | Books | |||||||
| Dewey Decimal Classification | SGT Engineering Library | SGT Engineering Library | 31/05/2013 | SGTU | 1 | 621.3822 GHO | FE5930 | 13/10/2021 | 21/09/2021 | 09/02/2015 | Books | |||||||
| Dewey Decimal Classification | SGT Engineering Library | SGT Engineering Library | 31/05/2013 | SGTU | 1 | 621.3822 GHO | FE5931 | 13/10/2021 | 21/09/2021 | 09/02/2015 | Books | |||||||
| Dewey Decimal Classification | Not For Loan | SGT Engineering Library | SGT Engineering Library | 31/05/2013 | SGTU | 621.3822 GHO | FE5932 | 09/02/2015 | 09/02/2015 | Books | Restricted Access | ENGINEERING | Reference Book |